Statistics for Countries Whose Only Vowel Is An A

Click here to take the quiz!

General Stats

  • This quiz has been taken 43 times
  • The average score is 7 of 11

Answer Stats

Answer% Correct
Canada
88%
Chad
75%
Panama
75%
Japan
73%
Ghana
70%
Rwanda
68%
Qatar
65%
Malta
60%
Bahamas
58%
Madagascar
53%
Kazakhstan
50%

Score Distribution

Percentile by Number Answered

Percent of People with Each Score

Your Score History

You have not taken this quiz